000 00410nam a2200181Ia 4500
001 4230
005 20260306145740.0
008 260306t2006||||xx |||||||||||||| ||spa||
041 _aESP
082 _a320.011
_bS83
100 _aStrauss, Leo
_eAUT
245 0 _aLa ciudad y el hombre
260 _c2006
300 _a344 páginas :
_c20 cm.
650 _aGEN
654 _aCDE
942 _cLIB
_dJUS
_fJUS
_2ddc
_n
999 _c4230
_d4230